Indian Immigrants in US Metro Areas - Statistics

General Stats
  • This quiz has been taken 69 times
  • The average score is 16 of 28
Answer Stats
Indian Immigrant Population State Metro Area % Correct
1.7% New York
95%
2.2% CA San Francisco-Oakland
93%
1.4% IL Chicago
90%
1.2% TX Dallas-Fort Worth
80%
1.2% TX Houston
80%
1.1% MI Detroit
78%
1.4% WA Seattle
78%
1.1% CA Sacramento
76%
1.1% GA Atlanta
75%
1.1% TX Austin-Round Rock
73%
1.0% MA Boston
73%
1.1% PA Philadelphia
73%
5.4% CA San Jose
69%
1.5% NC Raleigh
61%
1.3% CT Hartford
59%
3.1% NJ Trenton
59%
1.3% CA Fresno
56%
1.5% Washington, DC
54%
1.2% CT Bridgeport
53%
1.6% CA Stockton
42%
1.2% MI Ann Arbor
37%
1.5% NJ Atlantic City
34%
2.5% IL Bloomington-Normal
32%
1.0% IL Urbana-Champaign
32%
2.6% IN Columbus
27%
1.4% NY Ithaca
22%
1.4% CA Merced
15%
3.9% CA Yuba City
15%
No matching quizzes found
Score Distribution
Percent of People with Each Score
Percentile by Number Answered
Your Score History
You have not taken this quiz